| 000 | 02034nam a2200337Ia 4500 | ||
|---|---|---|---|
| 005 | 20220317001548.0 | ||
| 007 | ta | ||
| 008 | 210823s2012 ck ad er 000 0dspa d | ||
| 020 | _a9789587620030 | ||
| 040 |
_aCO-BoRNBP _bspa _cCO-BoRNBP _erda |
||
| 041 | 0 | _aspa | |
| 082 | 0 | 4 |
_a174.4 _bR64e _222 |
| 100 | 1 |
_aRojas López, Miguel David _eautor |
|
| 245 | 1 | 0 |
_aÉtica organizacional _bestrategia para el éxito _cMiguel David Rojas López |
| 250 | _aPrimera edición | ||
| 264 | 1 |
_aBogotá _b Ediciones de la U _c2012 |
|
| 300 |
_a130 páginas _bilustraciones , gráficos _c21 cm. |
||
| 336 |
_atexto _btxt _2rdacontent |
||
| 337 |
_asin mediación _bn _2rdamedia |
||
| 338 |
_avolumen _bnc _2rdacarrier |
||
| 490 | 0 | _aAdministración | |
| 504 | _aIncluye referencias bibliográficas | ||
| 520 | _aEsta obra desarrolla las definiciones básicas de la ética en diferentes contextos, el individual, el organizacional y el de la administración pública; además de identificar algunos problemas y dilemas éticos que se pueden encontrar en este camino. Con el propósito de identificar los criterios del comportamiento a partir de valores morales y desarrollos éticos que generan valor agregado dentro de las organizaciones, se desarrolla una herramienta guía del perfil profesional de cada individuo, con base en modelos y avances construidos desde la ética para actuar adecuadamente y en función a la creación de valor, que es el fin último de toda organización. Lo anterior, se logra mediante la investigación de diferentes autores y la recopilación de información relevante de artículos académicos; todos enfocados al propósito de entregar herramientas organizacionales que contribuyan a la ética profesional" | ||
| 521 | _aRecomendado para un público adulto | ||
| 545 | _aIncluye datos biográficos del autor en contracarátula | ||
| 650 | 1 | 7 |
_aÉtica profesional _2LEMB |
| 650 | 1 | 7 |
_aEmpresas _2LEMB |
| 650 | 1 | 7 |
_aComportamiento organizacional _2LEMB |
| 650 | 1 | 7 |
_aAdministración _2LEMB |
| 942 |
_2ddc _cBK |
||
| 999 |
_c7376 _d7376 |
||